000 01332nam a2200337Ia 4500
001 ebr10135463
003 CaPaEBR
006 m u
007 cr cn|||||||||
008 040426s2005 nyu sb 001 0 eng d
010 _z 2004049789
020 _z1403978840
020 _z1403964688
040 _aCaPaEBR
_cCaPaEBR
035 _a(OCoLC)560463103
050 1 4 _aE169.04
_b.C665 2005eb
100 1 _aContreras, Daniel.
245 1 0 _aUnrequited love and gay Latino culture
_h[electronic resource] :
_bWhat have you done to my heart? /
_cby Daniel Contreras.
260 _aNew York :
_bPalgrave Macmillan,
_c2005.
300 _a146 p.
504 _aIncludes bibliographical references (p. [137]-141) and index.
533 _aElectronic reproduction.
_bPalo Alto, Calif. :
_cebrary,
_d2009.
_nAvailable via World Wide Web.
_nAccess may be limited to ebrary affiliated libraries.
650 0 _aPopular culture
_zUnited States.
650 0 _aArts, American
_y20th century.
650 0 _aLove in literature.
650 0 _aSuffering in literature.
651 0 _aUnited States
_xSocial life and customs
_y1971-
655 7 _aElectronic books.
_2local
710 2 _aebrary, Inc.
856 4 0 _uhttp://site.ebrary.com/lib/rucke/Doc?id=10135463
_zAn electronic book accessible through the World Wide Web; click to view
999 _c187849
_d187849